[Event "Muensterland Verbandsliga 0607"]
[Site "Germany"]
[Date "2006.12.16"]
[Round "4.8"]
[White "Pusch, Herbert"]
[Black "Boecker, Manfred"]
[Result "1-0"]
[WhiteElo "1601"]
[BlackElo "2050"]
[PlyCount "119"]
[EventDate "2006.09.16"]
[EventType "team"]
[EventRounds "9"]
[EventCountry "GER"]
[SourceTitle "EXT 2008"]
[Source "ChessBase"]
[SourceDate "2007.11.25"]
[SourceVersion "1"]
[SourceVersionDate "2007.11.25"]
[SourceQuality "1"]
[WhiteTeam "Stadtlohn"]
[BlackTeam "Suedlohn"]
[WhiteTeamCountry "GER"]
[BlackTeamCountry "GER"]

1. c4 Nf6 2. Nc3 e6 3. d4 Bb4 4. a3 Bxc3+ 5. bxc3 c5 6. Nf3 0-0 7. Bg5 h6 8. Bh4 b6 9. e4 d6 10. Qc2 g5 11. Nxg5 hxg5 12. Bxg5 e5 13. Rd1 Qe7 14. d5 Kg7 15. Rd3 Rg8 16. Rf3 Nbd7 17. h4 Kf8 18. Rg3 Ke8 19. Be2 Qf8 20. Qd3 Nh7 21. Bh5 Nxg5 22. hxg5 Kd8 23. Qf3 Rg7 24. g6 fxg6 25. Bxg6 Qxf3 26. gxf3 Kc7 27. Bf5 Rxg3 28. fxg3 Ba6 29. Rh7 Rd8 30. g4 Bxc4 31. g5 Bb5 32. Be6 Kb8 33. g6 Nf6 34. Rf7 Nh5 35. Bg4 Be8 36. Rf8 Kc7 37. Bxh5 Bxg6 38. Rxd8 Bxh5 39. Rf8 b5 40. Kd2 a5 41. Rf5 Be8 42. Rf8 Bh5 43. Ke3 a4 44. Rh8 Bg6 45. Rh6 Be8 46. f4 exf4+ 47. Kxf4 b4 48. cxb4 cxb4 49. axb4 Bb5 50. Kf5 a3 51. Rh3 a2 52. Ra3 Bc4 53. Ke6 Bb3 54. b5 Bc4 55. Ra7+ Kb6 56. Rxa2 Bxa2 57. Kxd6 Bc4 58. e5 Bxb5 59. Ke7 Kb7 60. d6 1-0

[Event "Muensterland Verbandsliga 0607"]
[Site "Germany"]
[Date "2006.11.25"]
[Round "3.8"]
[White "Boecker, Manfred"]
[Black "Bartsch, Rainer"]
[Result "1/2-1/2"]
[WhiteElo "2050"]
[BlackElo "1973"]
[PlyCount "34"]
[EventDate "2006.09.16"]
[EventType "team"]
[EventRounds "9"]
[EventCountry "GER"]
[SourceTitle "EXT 2008"]
[Source "ChessBase"]
[SourceDate "2007.11.25"]
[SourceVersion "1"]
[SourceVersionDate "2007.11.25"]
[SourceQuality "1"]
[WhiteTeam "Suedlohn"]
[BlackTeam "Saerbeck"]
[WhiteTeamCountry "GER"]
[BlackTeamCountry "GER"]

1. d4 f5 2. e4 fxe4 3. Nc3 Nf6 4. Bg5 g6 5. f3 e3 6. Bxe3 Bg7 7. Qd2 Nc6 8. 0-0-0 d6 9. h4 e5 10. dxe5 Nxe5 11. Bd4 Be6 12. h5 Nxh5 13. Nge2 Qe7 14. Kb1 a6 15. Nc1 Ng3 16. Rg1 Nxf1 17. Rgxf1 0-0-0 1/2-1/2

[Event "Muensterland Verbandsliga 0506"]
[Site "Germany"]
[Date "2006.03.11"]
[Round "8.8"]
[White "Bickmann, Johannes"]
[Black "Boecker, Manfred"]
[Result "1-0"]
[WhiteElo "1842"]
[BlackElo "2050"]
[PlyCount "57"]
[EventDate "2005.08.27"]
[EventType "team"]
[EventRounds "9"]
[EventCountry "GER"]
[SourceTitle "EXT 2006"]
[Source "ChessBase"]
[SourceDate "2005.11.24"]
[SourceVersion "1"]
[SourceVersionDate "2005.11.24"]
[SourceQuality "1"]
[WhiteTeam "Neuenkirchen"]
[BlackTeam "Suedlohn"]
[WhiteTeamCountry "GER"]
[BlackTeamCountry "GER"]

1. e4 e6 2. d4 d5 3. Nc3 dxe4 4. Nxe4 Bd7 5. Nd2 Bc6 6. Ngf3 Nd7 7. Bd3 Ngf6 8. 0-0 Be7 9. c4 0-0 10. Qb3 Re8 11. Re1 b6 12. Bc2 Bb7 13. Ne5 c5 14. Qh3 cxd4 15. Ndf3 Nf8 16. Ng5 Bb4 17. Ngxf7 Qc7 18. Qg3 Re7 19. Nh6+ Kh8 20. Bg5 Nh5 21. Bxe7 Qxe7 22. Nef7+ Qxf7 23. Nxf7+ Kg8 24. Nh6+ Kh8 25. Qe5 Bxe1 26. Nf7+ Kg8 27. Rxe1 Nf6 28. Nh6+ Kh8 29. Qxd4 1-0

[Event "Muensterland Verbandsliga 0506"]
[Site "Germany"]
[Date "2005.12.03"]
[Round "5.8"]
[White "Boecker, Manfred"]
[Black "Herdering, Martin"]
[Result "1/2-1/2"]
[WhiteElo "2050"]
[BlackElo "1809"]
[PlyCount "102"]
[EventDate "2005.08.27"]
[EventType "team"]
[EventRounds "9"]
[EventCountry "GER"]
[SourceTitle "EXT 2006"]
[Source "ChessBase"]
[SourceDate "2005.11.24"]
[SourceVersion "1"]
[SourceVersionDate "2005.11.24"]
[SourceQuality "1"]
[WhiteTeam "Suedlohn"]
[BlackTeam "Heiden"]
[WhiteTeamCountry "GER"]
[BlackTeamCountry "GER"]

1. d4 Nf6 2. Nc3 d5 3. Bg5 Bf5 4. f3 c6 5. e3 Nbd7 6. Bd3 Bxd3 7. Qxd3 e5 8. Nge2 Be7 9. 0-0 0-0 10. Kh1 Re8 11. Bxf6 Bxf6 12. e4 Nb6 13. dxe5 Bxe5 14. exd5 Nxd5 15. Nxd5 Qxd5 16. Qxd5 cxd5 17. Rf2 Bxb2 18. Rd1 Rac8 19. Nf4 d4 20. g3 b6 21. Kg2 Rc4 22. Nd3 Ba3 23. Rdd2 g6 24. f4 Ra4 25. f5 g5 26. f6 Bc5 27. Nxc5 bxc5 28. Rf5 h6 29. Rxc5 Kh7 30. h4 Kg6 31. Rc7 Re6 32. Rf2 Rxf6 33. h5+ Kg7 34. Rd2 Rd6 35. Rf2 Rf6 36. Rd2 Rxa2 37. Rxd4 a5 38. Rd8 Ra1 39. Rcc8 Rff1 40. Rg8+ Kf6 41. Rc6+ Kf5 42. Rxh6 Rg1+ 43. Kf2 Raf1+ 44. Ke2 Re1+ 45. Kd2 Rd1+ 46. Kc3 Rxg3+ 47. Kb2 Rh1 48. Rf8 Kg4 49. Rxf7 Rxh5 50. Ra6 Rf3 51. Rxf3 Kxf3 1/2-1/2